| 000 | 00469nam a22001457a 4500 | ||
|---|---|---|---|
| 020 | _a9780190698621 | ||
| 082 |
_a537 _bSAD |
||
| 100 | _aSadiku, Matthew N. O. | ||
| 245 |
_aElements of Electromagnetics / _cMatthew N. O. Sadiku and Sudarshan R. Nelatury |
||
| 250 | _aInternational Seventh Edition. | ||
| 260 |
_aNew York : _bOxford University Press, _c2021. |
||
| 300 |
_a796p. ; _c24 cm. |
||
| 942 |
_2ddc _cBK |
||
| 999 |
_c588481 _d588481 |
||